| 000 | 00962cab a2200253 4500 | ||
|---|---|---|---|
| 001 | ABS67433 | ||
| 008 | 040206n2004 000 0 eng u | ||
| 035 | _a(Sirsi) u125076 | ||
| 245 | _aSpecial report: mixed-use development | ||
| 260 | _c2004 | ||
| 490 |
_aProperty Week _v69(3) 16 January 2004, 47-52(4) |
||
| 520 | _aSuggests that the solution to the UK's housing shortage could be mixed-use developments. Examines two different viewpoints on tackling the issue. The first author argues that housing is vital to the profitability of such schemes, while the second author believes commercial developers will play a growing role. | ||
| 590 | _aABS | ||
| 650 | _aMIXED-USE DEVELOPMENTS | ||
| 650 | _aCOMMERCIAL DEVELOPERS | ||
| 650 | _aPROFITABILITY | ||
| 650 | _aHOUSING | ||
| 650 | _aHOUSING SHORTAGE | ||
| 650 | _aINVESTMENT | ||
| 650 | _aSUSTAINABLE COMMUNITIES | ||
| 650 | _aHOUSING SUPPLY | ||
| 690 | _aHOUSING-DEVELOPMENT | ||
| 942 | _n0 | ||
| 999 |
_c74138 _d74138 |
||